Statistics for CUFF IT - Beyoncé (All Lyrics)

Click here to take the quiz!

General Stats

  • This quiz has been taken 22 times
  • The average score is 302 of 449

Answer Stats

Answer% Correct
I
100%
A
95%
a
95%
b******
95%
f*****
95%
f***
95%
F***
95%
go
89%
Go
89%
I'm
89%
in
89%
the
89%
to
89%
up
89%
falling
84%
it
84%
love
84%
mood
84%
So
84%
so
84%
some
84%
we
84%
We
84%
when
84%
you?
84%
you
84%
You
84%
feel
79%
gon
79%
like
79%
something
79%
wanna
79%
and
74%
get
74%
need
74%
night
74%
night,
74%
tonight
74%
cup
68%
drink
68%
ever
68%
fun
68%
getting
68%
higher
68%
me
68%
my
68%
of
68%
On
68%
on
68%
this
68%
this?
68%
top
68%
cuff
63%
fly
63%
Have
63%
no
63%
see
63%
Spaceships
63%
black
58%
Black
58%
had
58%
prescription
58%
sit
58%
stars
58%
unapologetic
58%
where
58%
yeah
58%
Yeah
58%
Yeah,
58%
baby
53%
been
53%
Can
53%
nobody's
53%
Bet
47%
far
47%
lights
47%
miss
47%
missing
47%
Oh
47%
come
42%
Come
42%
Don't
42%
don't
42%
elevate
42%
Got
42%
got
42%
what
42%
while
42%
While
42%
you'll
42%
acting
37%
For
37%
for
37%
God
37%
Hey
37%
sex
37%
Anywhere
32%
can't
32%
Cause
32%
control
32%
excited
32%
hella
32%
let
32%
levitate
32%
out
32%
play
32%
roll
32%
sexy
32%
Squeeze
32%
wait
32%
anytime
26%
body
26%
buss
26%
call
26%
four
26%
Hit
26%
I'll
26%
meet
26%
Ooh
26%
Po
26%
professional
26%
ride
26%
self
26%
show
26%
Tease
26%
these
26%
thotty
26%
time
26%
today
26%
walls?
26%
What's
26%
boy
21%
draulics
21%
erotic
21%
exotic
21%
here
21%
Hypersonic
21%
Is
21%
mind
21%
Mr
21%
Nasty
21%
or
21%
putting
21%
seasoned
21%
them
21%
truck
21%
backing
16%
clean
16%
flight
16%
Take
16%
blinding
11%
Party
11%
people
11%
huh
5%

Score Distribution

Percentile by Number Answered

Percent of People with Each Score

Your Score History

You have not taken this quiz